Annual report of the 2007 fiscal year

Guardat en:
Dades bibliogràfiques
Format: Text
Etiquetes: Afegir etiqueta
Sense etiquetes, Sigues el primer a etiquetar aquest registre!

MARC

LEADER 00000 a a2200000 04500
001 43046
003
040
245 |a Annual report of the 2007 fiscal year  
773 |g ( , 2008), 93 páginas  
999 |c 35127  |d 35127 
773 0 |0 42729  |9 4020  |d Tokio, Japón: Institute of Developing Economies  |o 06049  |t Annual Report/